Southville International School and Colleges
Your cart is empty.
  • Cart
  • Lists
    Public lists Eva Luna New books Lux_list list_1
    Your lists Log in to create your own lists
  • Log in to your account
  • Your cookies
  • Search history
Southville International School and Colleges
  • Advanced search
  • Recent comments
  • Most popular
  • Libraries

Log in to your account

Log in with GOOGLE


If you do not have an external account, but do have a local account, you can still log in:

  1. Home
  2. MARC view: Footsteps on the stairs /
Normal view MARC view ISBD view

Footsteps on the stairs / (Record no. 115474)

[ view plain ]
MARC details
000 -LEADER
fixed length control field 00487nam a22001817a 4500
003 - CONTROL NUMBER IDENTIFIER
control field OSt
005 - DATE AND TIME OF LATEST TRANSACTION
control field 20140424093010.0
008 - FIXED-LENGTH DATA ELEMENTS--GENERAL INFORMATION
fixed length control field 140424b xxu||||| |||| 00| 0 eng d
020 ## - INTERNATIONAL STANDARD BOOK NUMBER
International Standard Book Number 0440426545
050 ## - LIBRARY OF CONGRESS CALL NUMBER
Classification number PZ 7
Item number .Ad26145Fo 1984
100 ## - MAIN ENTRY--PERSONAL NAME
Personal name Adler, C. S. (Carole S.)
245 ## - TITLE STATEMENT
Title Footsteps on the stairs /
Statement of responsibility, etc C.S. Adler.
260 ## - PUBLICATION, DISTRIBUTION, ETC. (IMPRINT)
Place of publication, distribution, etc New York :
Name of publisher, distributor, etc Dell Publishing Co, Inc,
Date of publication, distribution, etc 1984.
300 ## - PHYSICAL DESCRIPTION
Extent 151 p. :
Dimensions 19 cm.
650 ## - SUBJECT ADDED ENTRY--TOPICAL TERM
Topical term or geographic name as entry element Mystery Stories
942 ## - ADDED ENTRY ELEMENTS (KOHA)
Source of classification or shelving scheme Library of Congress Classification
Koha item type Books
Holdings
Withdrawn status Lost status Source of classification or shelving scheme Damaged status Home library Current library Shelving location Date acquired Sub Shelving location Total Checkouts Full call number Barcode Date last seen Date checked out Copy number Price effective from Koha item type
    Library of Congress Classification   Luxembourg Library Luxembourg Library Kids Fiction Section 04/24/2014   1 PZ 7 .Ad26145Fo 1984 5848 12/04/2017 11/27/2017 1 04/24/2014 Books

Footsteps on the stairs /

APA

Adler C. S. (. S., . (1984). Footsteps on the stairs. New York: Dell Publishing Co, Inc.

Chicago

Adler C S (Carole S.), . 1984. Footsteps on the stairs. New York: Dell Publishing Co, Inc.

Harvard

Adler C. S. (. S., . (1984). Footsteps on the stairs. New York: Dell Publishing Co, Inc.

MLA

Adler C S (Carole S.), . Footsteps on the stairs. New York: Dell Publishing Co, Inc. 1984.

  • Place hold
  • Print
  • Cite
  • Add to your cart (remove)
  • Save record
    BIBTEX Dublin Core MARCXML MARC (non-Unicode/MARC-8) MARC (Unicode/UTF-8) MARC (Unicode/UTF-8, Standard) MODS (XML) RIS
  • More searches
    Search for this title in:
    Other Libraries (WorldCat) Other Databases (Google Scholar) Online Stores (Bookfinder.com) Open Library (openlibrary.org)

Exporting to Dublin Core...

SOUTHVILLE LIBRARY

Southville International School and Colleges Library

1281 Tropical Ave. Cor. Luxembourg St., BF Homes International, Las Pinas City

Tel. No. 8256374 / 252358 Loc. 117/146

Powered by Koha